05873cam a22003855a 4500999001700000001000900017005001700026008004100043010001700084015001900101020002400120035002400144040014400168042001400312043001200326082002900338245015300367250001200520260003500532300002500567490004900592504006700641505289800708520122303606650007704829653002504906655001704931700002904948700003204977700003105009942000805040952013605048952015105184952015205335 c26994d269661992203620181114135044.0170818s2016 enk frb 001 0 eng d a 2017431226 aGBB6653922bnb a9781784535780 (hdb) a(OCoLC)ocn948973299 aCDXbengcCDXdYDXCPdOCLCOdCOOdWVUdDGUdMYGdUX0dOCLCFdERLdNUIdNLEdBTCTAdBDXdEYMdCODdMEAUCdCHVBKdOCLCOdOCLCQdDLCdEG-ScBUE alccopycat aaw-----04a302.23109174927bSOC22200aSocial media in the Arab world :bcommunication and public opinion in the Gulf states /cedited by Barrie Gunter, Mokhtar Elareshi, Khalid Al-Jaber. a1st ed. aLondon :bI. B. Tauris,c2016. axv, 264 p. ;c23 cm.0 aLibrary of modern Middle East studies ;v189 aIncludes bibliographical references (pages 239-257) and index.0 aHalf Title; Endorsment; Title Page; Copyright Page; Table of Contents; List of Tables; About the Contributors; Note on Sources, Citations and Bibliography; Acknowledgements; 1 The Significance of Social Media in the Arab World; Digital Expansion in the Arab World; The Growth of Social Media; The Applications of Social Media; New Media and the Spread of Unrest; Varied Pace of Change across the Region; The Book; Notes; 2 The Role of Social Media as a Decisive Actor in Saudi Arabia; Pro-Democracy Protests in Saudi Arabia: Defining the 'Arab Street'; Neo-Patrimonial System in Saudi Arabia The Role of Social Media in Saudi ArabiaBridging the Gap: Social Theory of International Politics; Conclusion; Notes; 3 Arab Social Media: From Revolutionary Euphoria to Cyber Realism; Defining Social Media's Role; Medium is the Message; Virtual versus Real Interaction; Change in Media Grammar; Political Economy of Social Media; Technological Evolution; State Control of Social Media; Ineffective Self-regulation; Social Media after the Arab Uprising; Conclusion; Notes; 4 Social Media and Unethical P2P Diplomacy in the Bahrain Uprising; Towards Ethical P2P Diplomacy Ethical Diplomacy versus Public Diplomacy and PRSocial Media Awards; The Twelve-Point Flag; #UniteBH; #UniF1ed; Celebrities; Conclusion; Notes; 5 Mobile Phone and Internet Usage in the GCC Region: University Students' Perspectives; Background; Mobile Phones and Media Reception; Mobile Phone Use in the Arab World; Methodology; Findings; General news interest; Mobile phone usage; Mobile local news consumption; Relationships between mobile phone use and online activities; Local community interest and engagement; Discussion and Conclusion; Notes 6 Social Media Usage and the Changing Context in the United Arab EmiratesLiterature Review; Methodology; Findings; Discussion; Conclusion; Notes; 7 Women and Online Political Participation in Kuwait; Literature Review; Kuwait; Women and Politics; Internet and Political Participation; Online Anonymity and Empowerment; Methodology; Women's Media Consumption Habits; Political Characteristics of Kuwaiti Women; Political Participation; Key Prediction Factors for Political Participation; Discussion; Conclusion; Notes; 8 The New Media as Alternative Medium in the GCC Region; Literature Review New Media Sources in GCC CountriesMethodology; Questionnaire; Results; Media usage; Perceptions of news media; Perceptions of reliability of news sources; Discussion; Conclusion; Notes; 9 Social Media, Surveillance, and Spying in the Bahrain Uprising; The Growth of Web Activism and Control in Bahrain; Surveillance and Sousveillance; Social Media, Surveillance and Counter- Revolutionary Vigilante Sousveillance; Government spying; Trolling; Name and shame; 'Passive' observation and offline factors; The 'unknown'; Propaganda and Disinformation; The Surveillance and Sousveillance State  aFollowing the Arab Spring, the use of social media has become instrumental in organising activist movements and spreading political dissent in the Middle East. New online behaviours have transformed traditional communication channels, enabling young people of all backgrounds to feel politically empowered. But now that spring has turned to winter, what are the long-term implications of internet activism in the region? Social Media in the Arab World provides a unique insight into the role of online communications as a force for change in the Gulf States. Featuring examples as diverse as neo-patrimonial politics in Saudi Arabia and the ways an online presence affects the status of women in Kuwait, the chapters examine shifts in the political, social and religious identities of citizens as a result of increased digital activism. With contributions from a variety of inter-disciplinary experts, this wide-ranging study examines the consequences of changing power dynamics brought about by popular social media. In doing so, this book offers an original perspective on the long-term implications of internet usage in the Arab world and is essential reading for students and researchers working across the region. 7aSocial mediaxPolitical aspectszPersian Gulf StatesvCongresses.2BUEsh bCOMAMEcNovember2018 vReading book1 aGunter, Barrie,eeditor.1 aElareshi, Mokhtar,eeditor.1 aAl-Jaber, Khalid,eeditor. 2ddc 00102ddc40708BaccahaMAINbMAINc1STd2018-11-14ePurchaseg1380.00l0o302.23109174927 SOCp000043927r2025-07-15 00:00:00yNB 00102ddc40708BaccahaMAINbMAINc1STd2018-11-14ePurchaseg1380.00l4m6o302.23109174927 SOCp000043928r2025-07-15 00:00:00s2022-11-10yBB 00102ddc40708BaccahaMAINbMAINc1STd2018-11-14ePurchaseg1380.00l2m19o302.23109174927 SOCp000043929r2025-07-15 00:00:00s2021-09-07yBB